000 00492nam a2200181Ia 4500
005 20230116142731.0
008 131103s9999 xx 000 0 und d
040 _aLoreto College
041 _aEnglish
082 _a954
_bJHA
245 _aThe Indian Historical Review Volume XIII,Number 1- 2
_cEdited by Vivekanand Jha
260 _aDelhi
_bMotilal Banarsidass
_c1986
300 _a319 p.
650 _aHistory - India
700 _aJha,Vivekanand;ed
850 _aLCLIB
942 _cBK
999 _c19157
_d69636